Nákladové a cenové kalkulácie

Saved in:
Bibliographic Details
Main Author: Janok, Michal
Other Authors: Marček, Ján
Format: Book
Language:Slovak
Published: Bratislava Alfa 1983
Series:Edícia ekonomickej literatúry
Tags: Add Tag
No Tags, Be the first to tag this record!

MARC

LEADER 00000nam a2200000 4500
001 c129145
005 20230116103450.9
041 0 |a slo 
044 |a SK 
245 1 0 |a Nákladové a cenové kalkulácie  |c Michal Janok, Ján Marček 
264 1 |a Bratislava  |b Alfa  |c 1983 
300 |a 320 s. 
490 1 |a Edícia ekonomickej literatúry 
830 0 |a Edícia ekonomickej literatúry 
100 1 |a Janok, Michal 
700 1 |a Marček, Ján